Suicidio e società: il fenomeno della morte volontaria nei sistemi sociali contemporanei

Guardado en:  
Detalles Bibliográficos
Autor principal: Tomasi, Luigi (Autor)
Tipo de documento: Print Libro
Lenguaje:Italiano
Publicado: Milano Angeli 1989
En: Collana dell'Istituto di Sociologia dell'Università di Parma / Sezione momenti del pensiero sociologico (14)
Año: 1989
Disponibilidad en Tübingen:Disponible en Tübingen.
UB: KB 18 A 6105
Verificar disponibilidad: HBZ Gateway
Servicio de pedido Subito: Pedir ahora.
Palabras clave:

MARC

LEADER 00000cam a2200000 c 4500
001 1089569726
003 DE-627
005 20251224220302.0
007 tu
008 900131s1989 xx ||||| 00| ||ita c
020 |a 8820430029  |9 88-204-3002-9 
035 |a (DE-627)1089569726 
035 |a (DE-576)019569726 
035 |a (DE-599)BSZ019569726 
035 |a (OCoLC)23147632 
035 |a (DE-604)8041451481 
040 |a DE-627  |b ger  |c DE-627  |e rakwb 
041 |a ita 
082 0 |a 362.28021 
100 1 |a Tomasi, Luigi  |4 aut 
245 1 0 |a Suicidio e società  |b il fenomeno della morte volontaria nei sistemi sociali contemporanei  |c Luigi Tomasi 
264 1 |a Milano  |b Angeli  |c 1989 
300 |a 375 S. 
336 |a Text  |b txt  |2 rdacontent 
337 |a ohne Hilfsmittel zu benutzen  |b n  |2 rdamedia 
338 |a Band  |b nc  |2 rdacarrier 
490 1 |a Collana dell'Istituto di Sociologia dell'Università di Parma  |a Sezione "Momenti del pensiero sociologico"  |v 14 
583 1 |a Archivierung prüfen  |c 20200919  |f DE-640  |z 1  |2 pdager 
689 0 0 |d s  |0 (DE-588)4054423-0  |0 (DE-627)106162845  |0 (DE-576)209108606  |a Suizid  |2 gnd 
689 0 1 |d s  |0 (DE-588)4077624-4  |0 (DE-627)104152036  |0 (DE-576)209205849  |a Soziologie  |2 gnd 
689 0 |5 (DE-627) 
810 2 |a Istituto di Sociologia  |g Parma  |t Collana dell'Istituto di Sociologia dell'Università di Parma / Sezione momenti del pensiero sociologico  |v 14  |9 14  |w (DE-627)1089568592  |w (DE-576)019568592  |7 am 
951 |a BO 
ELC |b 1 
LOK |0 000 xxxxxcx a22 zn 4500 
LOK |0 001 2140129156 
LOK |0 003 DE-627 
LOK |0 004 1089569726 
LOK |0 005 20151019150354 
LOK |0 008 900131||||||||||||||||ger||||||| 
LOK |0 040   |a DE-21  |c DE-627  |d DE-21 
LOK |0 852   |a DE-21 
LOK |0 852 1  |c KB 18 A 6105  |9 00 
LOK |0 935   |a krim 
LOK |0 939   |a 31-01-90  |b l01 
ORI |a SA-MARC-krimdoka001.raw 
SIG |a UB: KB 18 A 6105